Actors who Played Shawn Spencer - Statistics

General Stats
  • This quiz has been taken 11 times
    2 since last reset
  • The average score is 3 of 6
Answer Stats
Picture Answer % Correct
James Roday Rodriguez
100%
Liam James
100%
Skylar Gisondo
50%
Jake Borelli
0%
Josh Hayden
0%
Kyle Tejpar
0%
No matching quizzes found
Score Distribution
Percent of People with Each Score
Percentile by Number Answered
Your Score History
You have not taken this quiz since the last reset